[Event "ROM-ch U08"]
[Site "Eforie Nord"]
[Date "2022.04.18"]
[Round "9"]
[White "Apostu, Rares Stefan"]
[Black "Pana, Alexandru Ioan"]
[Result "1-0"]
[WhiteElo "1244"]
[BlackElo "1109"]
[PlyCount "99"]
[EventDate "2022.04.11"]
[EventType "swiss"]
[EventRounds "9"]
[EventCountry "ROU"]
[SourceTitle "EXT 2023"]
[Source "ChessBase"]
[SourceDate "2022.10.05"]
[SourceVersion "1"]
[SourceVersionDate "2022.10.05"]
[SourceQuality "1"]

1. e4 Nf6 2. e5 Nd5 3. d4 d6 4. Nf3 g6 5. Bc4 Nb6 6. Bb3 Bg7 7. Ng5 0-0 8. e6 f6 9. Nf7 Qe8 10. Nh6+ Kh8 11. d5 Bxh6 12. Bxh6 Rg8 13. c3 g5 14. Bc2 Rg6 15. Qh5 Nxd5 16. h4 Nf4 17. Bxg6 Qxg6 18. Qxg6 Nxg6 19. hxg5 f5 20. Nd2 Bxe6 21. Nf3 Nc6 22. 0-0-0 Bxa2 23. Nh4 e6 24. Kc2 Nce5 25. b3 Ng4 26. Rd2 Bxb3+ 27. Kxb3 N4e5 28. g3 a5 29. Ra2 b5 30. f4 Nd3 31. c4 a4+ 32. Kc3 Nc5 33. cxb5 Ne4+ 34. Kb4 Nxg3 35. Nxg6+ hxg6 36. Rc1 Nh5 37. Rxa4 Rb8 38. Rxc7 Nxf4 39. Rd7 Nd3+ 40. Kc3 Nc5 41. Raa7 Nxd7 42. Rxd7 Rxb5 43. Rxd6 Re5 44. Rd7 Re4 45. Rg7 f4 46. Rxg6 f3 47. Rf6 Re3+ 48. Kd4 Ra3 49. g6 Ra8 50. Rxf3 1-0